000
00295nam a22001217a 4500
020
_a
978-9356348813
082
_a
425
_b
OSW/E
245
_a
CLASS IX, ENGLISH LANGUAGE AND LITERATURE
_b
QUESTION BANK
260
_a
AGRA
_b
OSWALL BOOKS
300
_a
239
650
_a
QUESTION BANK
_z
DELHI
942
_c
BK
999
_c
6879
_d
6879